The secrifice in the rgveda : (Record no. 124272)

MARC details
000 -LEADER
fixed length control field 00668nam a22002297a 4500
005 - DATE AND TIME OF LATEST TRANSACTION
control field 20170124105937.0
010 ## - LIBRARY OF CONGRESS CONTROL NUMBER
LC control number 787496
020 ## - INTERNATIONAL STANDARD BOOK NUMBER
Terms of availability 00.00
035 ## - SYSTEM CONTROL NUMBER
System control number 787496
037 ## - SOURCE OF ACQUISITION
Source of stock number/acquisition Cen Lib/Ret
040 ## - CATALOGING SOURCE
Original cataloging agency DPL
Language of cataloging EN
082 ## - DEWEY DECIMAL CLASSIFICATION NUMBER
Classification number 220.21
Edition number AGU
100 ## - MAIN ENTRY--PERSONAL NAME
Personal name Aguilar,H.
9 (RLIN) 91260
245 ## - TITLE STATEMENT
Title The secrifice in the rgveda :
Statement of responsibility, etc by Aguilar H.
Remainder of title doctrinal aspects /
260 ## - PUBLICATION, DISTRIBUTION, ETC. (IMPRINT)
Place of publication, distribution, etc Delhi
Name of publisher, distributor, etc Bhartiya vidya prakashan
Date of publication, distribution, etc 1976
270 ## - ADDRESS
Address 1,U.B.Jawahar nagar bungalow road
City Delhi
Postal code 110007
300 ## - PHYSICAL DESCRIPTION
Extent 222p.
Dimensions 21cm(Hb)
500 ## - GENERAL NOTE
General note Includes index
650 ## - SUBJECT ADDED ENTRY--TOPICAL TERM
Topical term or geographic name as entry element Hindu religion
9 (RLIN) 91261
650 ## - SUBJECT ADDED ENTRY--TOPICAL TERM
Topical term or geographic name as entry element Vadic religion
9 (RLIN) 91262
942 ## - ADDED ENTRY ELEMENTS (KOHA)
Source of classification or shelving scheme Dewey Decimal Classification
Koha item type English Books
Classification part 220.21
Call number suffix AGU
Holdings
Withdrawn status Lost status Damaged status Not for loan Home library Current library Date acquired Source of acquisition Cost, normal purchase price Total Checkouts Full call number Barcode Date last seen Date checked out Copy number Cost, replacement price Price effective from Koha item type
        Central Library Central Library 15/06/2015 Cen Lib/Ret 0.00 1 220.21 AGU 787496 20/06/2017 30/05/2017 1 0.00 15/06/2015 English Books

© Delhi Public Library
Hit Counter
free hit counter